• 首页
  • 本馆介绍
  • 公告通知
  • 最新文献
  • 馆藏检索
  • 电子资源
  • 读者导购
  • 参考咨询
  • 我的图书馆
  • 登录
  • 详细信息显示
  • 放入我的书架
  • 预约/预借图书
  • 作者相关作品
  • 分类相关作品
  • 丛书相关作品
  • 出版社相关作品

书目信息

  • 表格格式
  • 工作单格式
  • 卡片格式
题名:
小学数学导学案例思考与评析
    
 
作者: 陈庆宪 编著
分册:  
出版信息: 宁波   宁波出版社  2018.01
页数: 296页
开本: 24cm
丛书名:
单 册:
中图分类: G623.503
科图分类:
主题词: 小学数学课--教学参考资料
电子资源:
ISBN: 978-7-5526-3121-0
000 00891nam0 2200217 450
001 1257
005 20180927163614.31
010    @a978-7-5526-3121-0@dCNY38.00
100    @a20180612d2018 em y0chiy50 ea
101 0  @achi
102    @aCN@b330000
105    @aa z 000yy
200 1  @a小学数学导学案例思考与评析@9xiao xue shu xue dao xue an li si kao yu ping xi@f陈庆宪编著
210    @a宁波@c宁波出版社@d2018.01
215    @a296页@c图@d24cm
330    @a本书选编了30个教学案例,分为教学观点论述和教学案例思考与评析两部分。内容包括:基于自主学习下教材的利用与开发;让学生在听故事中思考——“用混合运算解决问题”练习课教学实录与评析;让学生经历更有价值的数学思维活动——“长方形面积计算”三种教学片段引发的思考等。
606 0  @a小学数学课@j教学参考资料
690    @aG623.503@v5
701  0 @a陈庆宪@9chen qing xian@4编著
801  0 @aCN@b91MARC@c20180612
905    @aMuseLib@dG623.503@e660
    
    小学数学导学案例思考与评析/陈庆宪编著.-宁波:宁波出版社,2018.01
    296页:图;24cm
    
    
    ISBN 978-7-5526-3121-0:CNY38.00
    本书选编了30个教学案例,分为教学观点论述和教学案例思考与评析两部分。内容包括:基于自主学习下教材的利用与开发;让学生在听故事中思考——“用混合运算解决问题”练习课教学实录与评析;让学生经历更有价值的数学思维活动——“长方形面积计算”三种教学片段引发的思考等。
●
相关链接 在E读中查询图书 在五车中查询图书 在当当中查询图书 在豆瓣中查询图书


正题名:小学数学导学案例思考与评析     索取号:G623.503/660         预约/预借

序号 登录号 条形码 馆藏地/架位号 状态 备注
1 1121934   211219340   第一样本阅览室/ [索取号:G623.503/660] 在馆    
2 1121935   211219359   密集书库-数信学院/ [索取号:G623.503/660] 在馆    
3 1121936   211219368   第四借阅区/ [索取号:G623.503/660] 在馆    
4 1121937   211219377   第四借阅区/ [索取号:G623.503/660] 在馆    
5 1121938   211219386   第四借阅区/ [索取号:G623.503/660] 在馆    
唐山师范学院图书馆 欢迎您!
大连网信软件有限公司© 版权所有